Handbook of Analytical Instruments (Record no. 60753)
[ view plain ]
| 000 -LEADER | |
|---|---|
| fixed length control field | 00671nam a22002057a 4500 |
| 003 - CONTROL NUMBER IDENTIFIER | |
| control field | NUST-PNEC |
| 005 - DATE AND TIME OF LATEST TRANSACTION | |
| control field | 20170116180707.0 |
| 008 - FIXED-LENGTH DATA ELEMENTS--GENERAL INFORMATION | |
| fixed length control field | 140925b xxu||||| |||| 00| 0 eng d |
| 020 ## - INTERNATIONAL STANDARD BOOK NUMBER | |
| International Standard Book Number | 9780070604605 |
| 040 ## - CATALOGING SOURCE | |
| Transcribing agency | PNEC |
| 082 ## - DEWEY DECIMAL CLASSIFICATION NUMBER | |
| Classification number | 543.19 KHA |
| 100 ## - MAIN ENTRY--PERSONAL NAME | |
| 9 (RLIN) | 369 |
| Personal name | Khandpur R S |
| 245 ## - TITLE STATEMENT | |
| Title | Handbook of Analytical Instruments |
| Statement of responsibility, etc. | Khandpur R S |
| 250 ## - EDITION STATEMENT | |
| Edition statement | 2nd ed. |
| 260 ## - PUBLICATION, DISTRIBUTION, ETC. | |
| Place of publication, distribution, etc. | New Delhi |
| Name of publisher, distributor, etc. | McGraw Hill |
| Date of publication, distribution, etc. | c.2006 |
| 300 ## - PHYSICAL DESCRIPTION | |
| Extent | xxii, 770 p. : |
| Other physical details | ill : |
| Dimensions | 24 cm. |
| 500 ## - GENERAL NOTE | |
| General note | includes index. http://www.amazon.fr/Handbook-Analytical-Instruments-2-Khandpur/dp/0070604606/ref=sr_1_1?ie=UTF8&qid=1411634944&sr=8-1&keywords=9780070604605 |
| 650 ## - SUBJECT ADDED ENTRY--TOPICAL TERM | |
| General subdivision | ME, IME |
| 942 ## - ADDED ENTRY ELEMENTS (KOHA) | |
| Source of classification or shelving scheme | |
| Koha item type | Book |
| Withdrawn status | Lost status | Source of classification or shelving scheme | Damaged status | Not for loan | Permanent Location | Current Location | Shelving location | Date acquired | Source of acquisition | Cost, normal purchase price | Total Checkouts | Full call number | Barcode | Date last seen | Cost, replacement price | Price effective from | Koha item type |
|---|---|---|---|---|---|---|---|---|---|---|---|---|---|---|---|---|---|
| Pakistan Navy Engineering College (PNEC) | Pakistan Navy Engineering College (PNEC) | Reference | 03/26/2014 | Paramount publishing Enterprises | 973.56 | 543.19 KHA | PNECLIB-031773 | 09/25/2014 | 973.56 | 03/26/2014 | Book | ||||||
| Pakistan Navy Engineering College (PNEC) | Pakistan Navy Engineering College (PNEC) | 543.19 KHA | PNECLIB-029408 | 08/22/2015 | Book |
